Reificación (Verdinglichung) /

Una contribución importante en el marxismo del siglo XX la constituye la teoría de la reificación de György Lukács. A partir de una reflexión obre el concepto marxista de "fetichismo de la mercancía", la propuesta del pensador húngaro influyó decisivamente el pensamiento marxista posterior...

Fuld beskrivelse

Guardado en:
Bibliografiske detaljer
Hovedforfatter: López, Silvia L.
Andre forfattere: Guzmán, Nataly trad
Format: Texto
Fag:
Tags: Tilføj Tag
Ingen Tags, Vær først til at tagge denne postø!

MARC

LEADER 00000 a a2200000 04500
001 13292
003
040
100 |a López, Silvia L.  
245 |a Reificación (Verdinglichung) /  |c Silvia L. López 
520 |a Una contribución importante en el marxismo del siglo XX la constituye la teoría de la reificación de György Lukács. A partir de una reflexión obre el concepto marxista de "fetichismo de la mercancía", la propuesta del pensador húngaro influyó decisivamente el pensamiento marxista posterior, en particular, el de la Escuela de Frankfurt. En la actualidad, el pensamiento del autor de Historia y conciencia de clase muestra una innegable vitalidad  
650 |a TEORIA  
650 |a MARXISMO  
650 |a MERCANCIAS  
700 |a Guzmán, Nataly   |a trad.  
773 |g número 115; páginas 9-20  
999 |c 26333  |d 26333